ENVIRONMENTAL ISSUES FOR ARCHITECTURE (Record no. 859483)

MARC details
000 -LEADER
fixed length control field 00312nam a2200121Ia 4500
008 - FIXED-LENGTH DATA ELEMENTS--GENERAL INFORMATION
fixed length control field 230822s2001 xx 000 0 und d
020 ## - INTERNATIONAL STANDARD BOOK NUMBER
International Standard Book Number 0-470-84229-6
041 ## - LANGUAGE CODE
Language code of text/sound track or separate title eng
100 ## - MAIN ENTRY--PERSONAL NAME
Personal name SMITH DAVID LEE
245 ## - TITLE STATEMENT
Title ENVIRONMENTAL ISSUES FOR ARCHITECTURE
260 ## - PUBLICATION, DISTRIBUTION, ETC.
Name of publisher, distributor, etc. JOHN WILEY AND SONS LTD
Date of publication, distribution, etc. 2001
300 ## - PHYSICAL DESCRIPTION
Extent 112

No items available.